000 00521nam a2200205Ia 4500
003 GCL
008 140319s9999 xx 000 0 eng d
040 _aGCL /
_cGCL
082 0 4 _a780.946
_bG H
100 1 _aGOMEZ AMAT, CARLOS
245 1 0 _aHISTORIA DE LA MUSICA ESPANOLA /
_cGOMEZ AMAT, CARLOS
260 _a[S.N] :
_bEDITORIAL ALIANZA ،
_c1988
300 _a345 P
650 0 4 _aSPANISH MUSIC
650 0 4 _aARTS
650 0 4 _aMUSIC
650 0 4 _aMUSIC - HISTORY
650 0 4 _aMUSIC - SPAIN
942 _2ddc
_cBK
999 _c14316
_d14316